Hora de poesía : publicación bimestral /

-д хадгалсан:
Номзүйн дэлгэрэнгүй
Формат: Ном
Хэл сонгох:испани
Хэвлэсэн: Barcelona, España : Lentini : Bruguera, 1978, c1978
Цуврал:(Hora de Poesía ; 1)
Нөхцлүүд:
Шошгууд: Шошго нэмэх
Шошго байхгүй, Энэхүү баримтыг шошголох эхний хүн болох!

MARC

LEADER 00000nam^a2200000^a^4500
001 000157826
005 20250521000000.0
009 20260310100552.905
020 |a 84-85549-00-7 
037 |a Acervo ITESO - Biblioteca 
041 |a ESP 
082 |a 805.  |b HOP V. 1 
240 1 1 |a [Hora de poesía] 
245 0 0 |a Hora de poesía :  |b publicación bimestral /  |c Ed. de Javier Lentini. 
264 4 |a Barcelona, España :  |b Lentini :  |b Bruguera,  |c 1978, c1978 
300 |a 90 p. 
336 |a texto  |b txt  |2 rdacontenido 
337 |a sin mediación  |b n  |2 rdamedio 
338 |a volumen  |b nc  |2 rdasoporte 
440 1 |a (Hora de Poesía ;  |v 1) 
649 |a XX 
650 |a Escritores Españoles 
650 |a Escritores Catalanes 
650 |a Escritores Uruguayos 
650 |a Escritores Ingleses 
650 |a Poesía -  |x Publicaciones Periódicas Españolas 
650 |a Poesía -  |x Historia y Crítica 
650 |a Literatura -  |y Siglo XX 
650 |a Literatura -  |x Historia y Crítica 
650 |a Publicaciones Periódicas Españolas 
650 |a Stevens, Wallace 
650 |a Brossa, Joan 
650 |a Benedetti, Mario 
650 |a Spender, Stephen 
650 |a Cernuda, Luis 
910 |a Fondo Salvador Reynoso Reynoso 
920 |a Impresos - Libros 
930 |a Fondos Especiales 
940 |a Literatura 
905 |a 112 
901 |a 0800016329  |b IT2  |c ESP  |u 20250521 
902 |a https://opac.biblio.iteso.mx/vufind/Record/000157826